Радиографическое исследование срезов деревьев для ретроспективной оценки радиоэкологической ситуации; Радиоактивность и радиоактивные элементы в среде обитания человека

Bibliografiske detaljer
Parent link:Радиоактивность и радиоактивные элементы в среде обитания человека.— 2004.— С. 55-62
Hovedforfatter: Архангельская Т. А. Татьяна Александровна
Sprog:russisk
Udgivet: 2004
Fag:
Format: MixedMaterials Book Chapter
KOHA link:https://koha.lib.tpu.ru/cgi-bin/koha/opac-detail.pl?biblionumber=209051

MARC

LEADER 00000naa2a2200000 4500
001 209051
005 20231031191628.0
035 |a (RuTPU)RU\TPU\book\228344 
090 |a 209051 
100 |a 20120208d2004 k y0rusy50 ca 
101 0 |a rus 
102 |a RU 
200 1 |a Радиографическое исследование срезов деревьев для ретроспективной оценки радиоэкологической ситуации  |f Т. А. Архангельская 
320 |a Библиогр.: 15 назв. 
463 0 |0 (RuTPU)RU\TPU\book\75442  |y 5-9900248-5-1  |t Радиоактивность и радиоактивные элементы в среде обитания человека  |o материалы II Международной конференции, г. Томск, 18-22 октября 2004 г.  |f Томский политехнический университет; Академия наук РФ; Объединенный институт геологии, геофизики и минералогии СО РАН; под ред. Л. П. Рихванова  |v С. 55-62  |d 2004  |p 772 с. 
610 1 |a деревья 
610 1 |a исследование 
610 1 |a радиография 
610 1 |a радиоэкологическая ситуация 
610 1 |a ретроспективный анализ 
610 1 |a оценка 
610 1 |a труды учёных ТПУ 
610 1 |a уран 
610 1 |a трансурановые элементы 
610 1 |a болота 
610 1 |a труды учёных ТПУ 
700 1 |a Архангельская  |b Т. А.  |c российский радиоэколог  |c доцент Томского политехнического университета, кандидат геолого-минералогических наук  |f 1976-  |g Татьяна Александровна  |2 stltpush  |3 (RuTPU)RU\TPU\pers\25714 
801 1 |a RU  |b 63413507  |c 20120208 
942 |c BK